000 00763 a2200205 4500
003 NUST
005 20221118131151.0
010 _a7297472
020 _a0030778409
040 _cNust
082 _a515,HOR
100 _aDonald R.Horner
_9103070
245 _aIntroductory Calculus /
_cDonald R. Horner
260 _aNew York
_bHolt, Rinehart and Winston
_c1972
300 _a482 p.:
505 _aPrefatory Material (Page-1), Why Calculus (Page-22), Behavior Patterns for the Concepts (Page-86), Techniques of Differentiation (Page-158), Techniques of Integration (Page-210), A Review of Concepts (Page-266), Sequences and Series (Page-323), Extensions (Page-400).
600 _aDonald R. Horner
_9103071
650 _aCalculus
942 _2ddc
_cBK
_k515,HOR
999 _c180362
_d180362